Comentario del libro "Genetics and the races of man. An introduction to the modern physical antropology" / (Record no. 81121)
[ view plain ]
| 000 -LEADER | |
|---|---|
| campo de control de longitud fija | 00649nam a2200169 i 4500 |
| 001 - NÚMERO DE CONTROL | |
| campo de control | 81121 |
| 003 - IDENTIFICADOR DE NÚMERO DE CONTROL | |
| campo de control | ES-MaACL |
| 005 - FECHA Y HORA DE LA ÚLTIMA TRANSACCIÓN | |
| campo de control | 20230906174356.0 |
| 007 - CAMPO FIJO DE DESCRIPCIÓN FÍSICA--INFORMACIÓN GENERAL | |
| campo de control de longitud fija | t| |
| 008 - DATOS DE LONGITUD FIJA--INFORMACIÓN GENERAL | |
| campo de control de longitud fija | 041103q1952 sp ||||1| spa d |
| 100 1# - ENTRADA PRINCIPAL--NOMBRE DE PERSONA | |
| Nombre de persona | Hoyos Sáinz, Luis de, |
| Fechas asociadas al nombre | 1868-1951 |
| 9 (RLIN) | 64437 |
| 245 10 - MENCIÓN DEL TÍTULO | |
| Título | Comentario del libro "Genetics and the races of man. An introduction to the modern physical antropology" / |
| Mención de responsabilidad, etc. | por L. de Hoyos Sáinz. |
| 260 ## - PUBLICACIÓN, DISTRIBUCIÓN, ETC. | |
| Lugar de publicación, distribución, etc. | Madrid : |
| Nombre del editor, distribuidor, etc. | [s.n., |
| Fecha de publicación, distribución, etc. | 1952?] |
| 500 ## - NOTA GENERAL | |
| Nota general | Es separata de: Boletín de la Real Sociedad Española de Historia Natural. T. L, nº 1, 1952, (pág. 147-151) |
| 852 ## - LOCALIZACIÓN | |
| Ubicación | ES-MaACL |
| Número de control de estantería | 1973-F-10 |
| Sublocalización o colección | R.37253 |
| Estatus retirado | Estado de pérdida | Estado de daño | No para préstamo | Colección | Biblioteca de origen | Biblioteca actual | Ubicación en estantería | Fecha de adquisición | Fuente de adquisición | Total de préstamos | Signatura topográfica completa | Código de barras | Visto por última vez | Precio de reemplazo | Tipo de ítem Koha |
|---|---|---|---|---|---|---|---|---|---|---|---|---|---|---|---|
| Colección de folletos | Biblioteca del Ateneo de Madrid | Biblioteca del Ateneo de Madrid | Depósito folletos | 17/01/2008 | 1973-F-10 | 1084801 | 23/02/2023 | 23/02/2023 | Folleto |
